Attending Meetings: <The> Use of Mixed Strategies

Pravdepodobnosť nastania udalosti pri rozhodovaní účastníkov o návšteve stretnutia. Čisté a zmiešané stratégie hráčov na dosiahnutie Nashovho ekvilibria. Záväzné rozhodnutia, prijaté len v prípade dosiahnutia požadovaného kvóra.

Gespeichert in:
Bibliographische Detailangaben
1. Verfasser: Pauwels, Wilfried
Weitere Verfasser: Dujava, Daniel
Format: Buchkapitel
Sprache:Englisch
Schlagworte:
Tags: Tag hinzufügen
Keine Tags, Fügen Sie das erste Tag hinzu!

MARC

LEADER 00000naa a2200000 4500
001 0208304
005 20240502073449.5
041 0 |a eng 
044 |a SK 
245 1 0 |a Attending Meetings: <The> Use of Mixed Strategies  |c Wilfried Pauwels, Daniel Dujava 
520 |a Pravdepodobnosť nastania udalosti pri rozhodovaní účastníkov o návšteve stretnutia. Čisté a zmiešané stratégie hráčov na dosiahnutie Nashovho ekvilibria. Záväzné rozhodnutia, prijaté len v prípade dosiahnutia požadovaného kvóra. 
610 2 0 |a preferencie 
610 2 0 |a rozhodovanie manažérske 
610 2 0 |a modely ekonometrické 
610 2 0 |a teória hier 
100 1 |a Pauwels, Wilfried 
700 1 |a Dujava, Daniel